00641nam a2200181Ia 4500008004000000020001800040082001700058100003800075245008900113250000500202260005300207300001100260650001000271690002100281906001100302999001900313952012700332210210b1998 xxu||||| |||| 00| 0 eng d a81 7515 161 7 a378.002 BROB aBROWNSTEIN (Samuel C) and others. aBarron's GRE how to prepare for the graduate record examination general test. Ed 12. a aNew Delhi.bGalgotia Publication Pvt Ltd.,c1998 aix,662 aGRE  aHigher Education a053877 c101602d101602 001040708EducationaALbALcEducationd2021-02-17g176.00l0o378.002 BROBp053877r2021-02-17 00:00:00w2021-02-17yBK